Análisis de los instrumentos de política agropecuaria vigentes y su impacto sobre los bienes y servicios ambientales en los ecosistemas estratégicos del área jurisdiccional de la Corporación Autónoma Regional de Cundinamarca-CAR (Registro nro. 6553)
[ vista simple ]
| 000 -CABECERA | |
|---|---|
| Campo de control | 02005nam a2200265 a 4500 |
| 005 - FECHA Y HORA DE LA ULTIMA TRANSACCION | |
| Campo de control | 20180803165402.0 |
| 008 - ELEMENTOS DE LONGITUD FIJA—INFORMACION GENERAL | |
| Campo de control | 140129b2006 ck ||||| |||| 00| 0 spa d |
| 040 ## - FUENTE DE CATALOGACIÓN | |
| Agencia transcriptora | CO-BoIH |
| 041 ## - IDIOMA | |
| Código de idioma para texto/pista de sonido o título separado | Español |
| 044 ## - PAÍS DE PUBLICACIÓN | |
| País de publicación | Colombia |
| 090 ## - CLASIFICACIÓN LOCAL | |
| Colección | IAVH |
| Consecutivo | 00965 |
| 100 ## - ASIENTO PRINCIPAL--NOMBRE PERSONAL | |
| Nombre personal | Murtinho Espinosa, Felipe |
| 245 ## - MENCION DE TITULO | |
| Título | Análisis de los instrumentos de política agropecuaria vigentes y su impacto sobre los bienes y servicios ambientales en los ecosistemas estratégicos del área jurisdiccional de la Corporación Autónoma Regional de Cundinamarca-CAR |
| Parte restante del título | Tercera parte, segunda sección |
| 260 ## - PUBLICACION, DISTRIBUCION, ETC. (PIE DE IMPRENTA) | |
| Lugar de publicación, distribución, etc. | Bogotá |
| Nombre del editor, distribuidor, etc. | Instituto Alexander von Humboldt |
| Fecha de publicación, distribución, etc. | 2006 |
| 300 ## - DESCRIPCION FISICA | |
| Extensión | 30 p. |
| 520 ## - NOTA DE RESUMEN, ETC. | |
| Nota de resumen | La primera parte sintetiza el marco conceptual sobre el tema de las políticas públicas e instrumentos operativos; la segunda parte presenta la institucionalidad del sector agropecuario colombiano; la tercera parte, describe características del agro colombiano destacando indicadores simples asociados al sector rural; la cuarta parte caracteriza los aspectos agrícolas y pecuarios existentes en la jurisdicción CAR usando como criterio tipológico pisos climáticos; la quinta sección resume el contexto de las políticas del sector agropecuario analizando los cambios después del redireccionamiento ocurrido en la década pasada (años 90); la sexta sección condensa distintas herramientas vigentes para apoyar la gestión institucional considerando solo sus respectivos aspectos teórico - prácticos más significativos; la septima parte consolida el análisis asociado al impacto originado por estos mecanismos en los bienes y servicios ambientales de los ecosistemas estratégicos; finalmente se presentan las conclusiones |
| 650 ## - ASIENTO SECUNDARIO DE MATERIA - TERMINO TEMATICO | |
| Término temático o nombre geográfico como elemento de entrada | Instrumentos de política |
| 650 ## - ASIENTO SECUNDARIO DE MATERIA - TERMINO TEMATICO | |
| Término temático o nombre geográfico como elemento de entrada | Política agropecuaria |
| 650 ## - ASIENTO SECUNDARIO DE MATERIA - TERMINO TEMATICO | |
| Término temático o nombre geográfico como elemento de entrada | Impacto |
| 650 ## - ASIENTO SECUNDARIO DE MATERIA - TERMINO TEMATICO | |
| Término temático o nombre geográfico como elemento de entrada | Bienes y servicios |
| 650 ## - ASIENTO SECUNDARIO DE MATERIA - TERMINO TEMATICO | |
| Término temático o nombre geográfico como elemento de entrada | Biodiversidad |
| 700 ## - ASIENTO SECUNDARIO - NOMBRE PERSONAL | |
| Nombre personal | Moreno Díaz, Carlos Alberto |
| 942 ## - ELEMENTOS ADICIONALES (KOHA) | |
| Tipo de ítem | Informe Técnico |
| Sistema de clasificación | Local |
| 945 ## - PROCESAMIENTO LOCAL | |
| AAAA-MM-DD - Fecha de ingreso o modificacion | 2008-09-09 |
| Withdrawn status | Lost status | Sistema de Clasificación | Damaged status | No para préstamo | Colección | Inventariado | Ubicación Permanente | Ubicación actual | Fecha de adquisición | Total Checkouts | Número topográfico | Inventario / Código de Barras | Date last seen | Ejemplar | Price effective from | Forma de adquisición | Tipo de material |
|---|---|---|---|---|---|---|---|---|---|---|---|---|---|---|---|---|---|
| Local | Humboldt | Inventariado 2017 | Bogotá | Bogotá | 09/09/2008 | IAVH-00965 | 026371 | 09/08/2024 | Ej. 1 | 04/12/2012 | Informe Técnico |